Countries with the best speedrunners in Super Mario Bros (Any%) - Statistics

General Stats
  • This quiz has been taken 56 times
  • The average score is 22 of 30
Answer Stats
# Best Runner* Best Time* Country % Correct
210th OfficialFern 5m 16s Puerto Rico
100%
1st Kosmic 4m 56s 462ms United States
100%
70th maestrocc 5m 00s 472ms England
96%
19th KingOf_JonnyBoy 4m 58s 259ms Canada
94%
34th Pouili 4m 58s 858ms Qubec
94%
101st Kilo 5m 03s Scotland
94%
50th Kirua 4m 59s 473ms France
91%
171st PackSciences 5m 11s French Southern Territories
91%
21st hidaryP 4m 58s 409ms Japan
87%
120th RussiaD1sconnect 5m 05s Russia
87%
149th The______anRunner 5m 09s Mexico
85%
224th FreddyJooJ 5m 18s Brazil
83%
92nd SkylightFox 5m 02s 250ms Sweden
83%
11th i_o_l 4m 57s 693ms Germany
81%
110th rajupieru 5m 04s Finland
79%
13th AD2 4m 57s 710ms Australia
77%
72nd Schaaa 5m 00s 638ms Norway
77%
37th sadler 4m 58s 891ms Italy
72%
210th Xago 5m 16s Argentina
68%
161st AmbidextrousRex 5m 10s Denmark
68%
145th zdoroviy_antony 5m 08s Ukraine
68%
110th groove 5m 04s Austria
66%
110th Camel_R.K 5m 04s Poland
66%
101st SuperLuigi 5m 03s South Korea
64%
81st PManic 5m 01s 470ms Portugal
57%
218th Baddap1 5m 17s Chile
51%
243rd Master_Aaryan 5m 21s Saudi Arabia
36%
202nd KuningasEST 5m 15s Estonia
34%
91th ViruseReturns 5m 02s 202ms Uruguay
30%
232th McBobX 5m 19s Morocco
28%
No matching quizzes found
Score Distribution
Percent of People with Each Score
Percentile by Number Answered
Your Score History
You have not taken this quiz